00802nam a2200193 i 450000100060000000300090000600500170001500700030003200800410003510000250007624501900010126000450029130000280033670000350036470000410039985200310044099900170047195201200048895277ES-MaACL20230906181654.0t|050525s1925 sp ||||1| spa d1 aLyon, Gaston.97494610aManual de Clínica Semiológica b: (diagnostico, pronostico y tratamiento) / cGaston Lyon; traducción del Dr. Manuel Pubul Cubelles; prólogo del Dr. Fernando Rodríguez Fornos. aBarcelona : bGráfica Moderna, c1925. aVIII, 759 p. ; c20 cm.1 aPubul Cubelles, Manuel.9941081 aRodríguez Fornos, Fernando.998525 aES-MaACLjA-5014 bR.17052 c95277d95277 00104070aATENEOMbATENEOMcSPP1d2008-01-17eSCl0oA-5014p1099489r2023-02-23 00:00:00w2023-02-23yMONOGRAFIA